[Event "Poznan op-A"]
[Site "Poznan"]
[Date "2003.07.13"]
[Round "9"]
[White "Owczarzak, Jerzy"]
[Black "Kolendo, Mateusz"]
[Result "1-0"]
[WhiteElo "2307"]
[BlackElo "2176"]
[PlyCount "57"]
[EventDate "2003.07.07"]
[EventType "swiss"]
[EventRounds "9"]
[EventCountry "POL"]
[SourceTitle "CBM 095 Extra"]
[Source "ChessBase"]
[SourceDate "2003.09.04"]
[SourceVersion "1"]
[SourceVersionDate "2003.09.04"]
[SourceQuality "1"]

1. e4 e6 2. d4 d5 3. Nc3 Bb4 4. e5 c5 5. Bd2 Bxc3 6. Bxc3 cxd4 7. Qxd4 Nc6 8. Qg4 Kf8 9. Nf3 Nh6 10. Qf4 Nf5 11. 0-0-0 Kg8 12. Bd3 Qb6 13. Rhe1 Bd7 14. Bxf5 exf5 15. e6 Bxe6 16. Qg3 g6 17. Nd4 Nb4 18. Kb1 Rc8 19. a3 f4 20. Qf3 Rxc3 21. Qxc3 Nc6 22. Nxe6 fxe6 23. Rxe6 d4 24. Qc4 Kg7 25. c3 Qa5 26. cxd4 Qf5+ 27. Ka1 Na5 28. Qc7+ Kh6 29. Qe5 1-0

[Event "Budapest Spring op 18th"]
[Site "Budapest"]
[Date "2002.03.21"]
[Round "7"]
[White "Varga, Csaba"]
[Black "Kolendo, Mateusz"]
[Result "1-0"]
[WhiteElo "2089"]
[BlackElo "2188"]
[PlyCount "109"]
[EventDate "2002.03.15"]
[EventType "swiss"]
[EventRounds "9"]
[EventCountry "HUN"]
[SourceTitle "CBM 087 Extra"]
[Source "ChessBase"]
[SourceDate "2002.05.03"]
[SourceVersion "2"]
[SourceVersionDate "2002.08.09"]
[SourceQuality "1"]

1. d4 Nf6 2. c4 g6 3. Nc3 d5 4. cxd5 Nxd5 5. e4 Nxc3 6. bxc3 Bg7 7. Nf3 0-0 8. Be3 c5 9. Rc1 Bg4 10. Be2 Qc7 11. 0-0 Nd7 12. Qb3 e5 13. h3 Bxf3 14. Bxf3 b6 15. Rfd1 Rfd8 16. d5 Bf8 17. Bg5 Re8 18. d6 Qb7 19. Bg4 h5 20. Be2 Qxe4 21. Bd3 c4 22. Bxe4 cxb3 23. Bxa8 Rxa8 24. axb3 f6 25. Be3 Kf7 26. c4 Ke6 27. c5 bxc5 28. Bxc5 a5 29. b4 axb4 30. Bxb4 Ra6 31. Rc8 Rb6 32. Ba3 Rb3 33. Ra8 h4 34. Rc1 e4 35. Rcc8 Rb1+ 36. Rc1 Rxc1+ 37. Bxc1 Bxd6 38. Re8+ Kf5 39. Kf1 Be5 40. Be3 Bb2 41. g4+ hxg3 42. fxg3 g5 43. g4+ Kg6 44. Rxe4 f5 45. Re6+ Nf6 46. Rb6 Ba1 47. Rb5 f4 48. Bb6 Ne4 49. Bd8 f3 50. Bb6 Bc3 51. Be3 Kh6 52. h4 Bf6 53. Rb4 Nc3 54. hxg5+ Bxg5 55. Rb6+ 1-0

[Event "Budapest Spring op 18th"]
[Site "Budapest"]
[Date "2002.03.20"]
[Round "6"]
[White "Kolendo, Mateusz"]
[Black "Alfred, Nathan"]
[Result "0-1"]
[WhiteElo "2188"]
[BlackElo "2247"]
[PlyCount "60"]
[EventDate "2002.03.15"]
[EventType "swiss"]
[EventRounds "9"]
[EventCountry "HUN"]
[SourceTitle "CBM 087 Extra"]
[Source "ChessBase"]
[SourceDate "2002.05.03"]
[SourceVersion "2"]
[SourceVersionDate "2002.08.09"]
[SourceQuality "1"]

1. e4 c5 2. Nc3 Nc6 3. f4 g6 4. Nf3 Bg7 5. Bb5 Nd4 6. Nxd4 cxd4 7. Ne2 e5 8. 0-0 Qb6 9. Bd3 Ne7 10. fxe5 Bxe5 11. Kh1 d5 12. c4 dxe4 13. Bxe4 f5 14. Bf3 d3 15. Nc3 0-0 16. b3 Qf6 17. Qe1 Nc6 18. Bxc6 bxc6 19. Rf3 Bb7 20. Bb2 Rae8 21. Qf1 c5 22. Rxd3 Qh4 23. Qg1 Bxc3 24. Bxc3 Re2 25. Rd7 Rf7 26. Rxf7 Kxf7 27. Qxc5 Bxg2+ 28. Kg1 Bc6 29. Qxa7+ Ke6 30. Kf1 Qg4 0-1

[Event "Budapest Spring op 18th"]
[Site "Budapest"]
[Date "2002.03.19"]
[Round "5"]
[White "Kolendo, Mateusz"]
[Black "Resika, Nathan A"]
[Result "1/2-1/2"]
[WhiteElo "2188"]
[BlackElo "2241"]
[PlyCount "41"]
[EventDate "2002.03.15"]
[EventType "swiss"]
[EventRounds "9"]
[EventCountry "HUN"]
[SourceTitle "CBM 087 Extra"]
[Source "ChessBase"]
[SourceDate "2002.05.03"]
[SourceVersion "2"]
[SourceVersionDate "2002.08.09"]
[SourceQuality "1"]

1. e4 g6 2. d4 Bg7 3. Bc4 d6 4. Nf3 Nf6 5. Nbd2 0-0 6. 0-0 Nc6 7. c3 e5 8. dxe5 Nxe5 9. Nxe5 dxe5 10. Qe2 Nh5 11. Nf3 Qf6 12. g3 Bg4 13. Kg2 h6 14. Be3 Rfd8 15. h3 Be6 16. Rfd1 a6 17. Nh2 Kh7 18. a3 Qe7 19. Bxe6 Qxe6 20. Rxd8 Rxd8 21. Rd1 1/2-1/2

[Event "Budapest Spring op 18th"]
[Site "Budapest"]
[Date "2002.03.18"]
[Round "4"]
[White "Weglarz, Leszek"]
[Black "Kolendo, Mateusz"]
[Result "1/2-1/2"]
[WhiteElo "2362"]
[BlackElo "2188"]
[PlyCount "20"]
[EventDate "2002.03.15"]
[EventType "swiss"]
[EventRounds "9"]
[EventCountry "HUN"]
[SourceTitle "CBM 087 Extra"]
[Source "ChessBase"]
[SourceDate "2002.05.03"]
[SourceVersion "2"]
[SourceVersionDate "2002.08.09"]
[SourceQuality "1"]

1. e4 e6 2. d4 d5 3. exd5 exd5 4. c4 Nf6 5. Nc3 Be7 6. cxd5 Nxd5 7. Bc4 Nf6 8. Nf3 0-0 9. h3 Nbd7 10. 0-0 Nb6 1/2-1/2

[Event "POL-chT 2nd div North"]
[Site "Lublin"]
[Date "1999.??.??"]
[Round "6"]
[White "Bernat, Marcin"]
[Black "Kolendo, Mateusz"]
[Result "0-1"]
[WhiteElo "2225"]
[BlackElo "2185"]
[PlyCount "60"]
[EventDate "1999.09.11"]
[EventType "team-swiss"]
[EventRounds "8"]
[EventCountry "POL"]
[SourceTitle "EXT 2003"]
[Source "ChessBase"]
[SourceDate "2002.11.25"]
[SourceVersion "1"]
[SourceVersionDate "2002.11.25"]
[SourceQuality "1"]
[WhiteTeam "Poznan Lech"]
[BlackTeam "Poznan Pocztowiec II"]
[WhiteTeamCountry "POL"]
[BlackTeamCountry "POL"]

1. Nf3 Nf6 2. c4 g6 3. Nc3 d5 4. d4 Bg7 5. Bg5 Ne4 6. cxd5 Nxg5 7. Nxg5 e6 8. Qd2 h6 9. Nf3 exd5 10. e3 0-0 11. Be2 Nc6 12. 0-0 Ne7 13. b4 Be6 14. Na4 b6 15. Rac1 Qd6 16. Ne1 Bd7 17. b5 a6 18. Nc3 axb5 19. Bxb5 c6 20. Bd3 Ra5 21. Nf3 Rfa8 22. h3 c5 23. Bb1 Be6 24. Rfd1 f5 25. Ne1 c4 26. Nc2 b5 27. a3 Nc6 28. Na2 Bf8 29. f3 Be7 30. Nc3 Qd7 0-1

[Event "POL-chT 2nd div North"]
[Site "Lublin"]
[Date "1999.??.??"]
[Round "8"]
[White "Bieluszewski, Piotr"]
[Black "Kolendo, Mateusz"]
[Result "1-0"]
[WhiteElo "2195"]
[BlackElo "2185"]
[PlyCount "53"]
[EventDate "1999.09.11"]
[EventType "team-swiss"]
[EventRounds "8"]
[EventCountry "POL"]
[SourceTitle "EXT 2003"]
[Source "ChessBase"]
[SourceDate "2002.11.25"]
[SourceVersion "1"]
[SourceVersionDate "2002.11.25"]
[SourceQuality "1"]
[WhiteTeam "Wisla Nowe"]
[BlackTeam "Poznan Pocztowiec II"]
[WhiteTeamCountry "POL"]
[BlackTeamCountry "POL"]

1. e4 e6 2. d4 d5 3. Nd2 Nf6 4. e5 Ne4 5. Nxe4 dxe4 6. Be3 c5 7. Bb5+ Nd7 8. Ne2 Qa5+ 9. Nc3 a6 10. Bxd7+ Bxd7 11. 0-0 Bc6 12. Qg4 h5 13. Qf4 Be7 14. Nxe4 cxd4 15. Bxd4 Qd5 16. Rfe1 g5 17. Qe3 0-0-0 18. c3 g4 19. b3 Rhg8 20. Rad1 Rg5 21. Qc1 g3 22. f3 Rg6 23. Bb6 Qb5 24. Rxd8+ Bxd8 25. Nd6+ Kb8 26. Nxb5 Bxb6+ 27. Nd4 1-0

[Event "Poznan Pocztowiec-ch op-A"]
[Site "Poznan"]
[Date "1999.??.??"]
[Round "6"]
[White "Kolendo, Mateusz"]
[Black "Kaszowski, Dariusz"]
[Result "0-1"]
[WhiteElo "2183"]
[BlackElo "2297"]
[PlyCount "66"]
[EventDate "1999.??.??"]
[EventType "swiss"]
[EventRounds "9"]
[EventCountry "POL"]
[SourceTitle "EXT 2003"]
[Source "ChessBase"]
[SourceDate "2002.11.25"]
[SourceVersion "1"]
[SourceVersionDate "2002.11.25"]
[SourceQuality "1"]

1. e4 c5 2. Nc3 Nc6 3. f4 g6 4. Nf3 Bg7 5. Bb5 Nd4 6. 0-0 Nxb5 7. Nxb5 d5 8. d3 a6 9. Nc3 d4 10. Ne2 Nh6 11. Qe1 f5 12. Ng3 0-0 13. h3 e6 14. e5 b6 15. b4 Bb7 16. bxc5 bxc5 17. Ba3 Qc7 18. Ng5 Nf7 19. Nxf7 Rxf7 20. c3 Qc6 21. Rf2 Bh6 22. Ne2 g5 23. cxd4 gxf4 24. Kh2 Rg7 25. g3 fxg3+ 26. Nxg3 Bf4 27. Qg1 Bxg3+ 28. Qxg3 Rxg3 29. Kxg3 Kf7 30. Bxc5 Rg8+ 31. Kf4 Rg2 32. Raf1 Rxf2+ 33. Rxf2 Qh1 0-1

[Event "Poznan Pocztowiec-ch op-B"]
[Site "Poznan"]
[Date "1999.??.??"]
[Round "3"]
[White "Kolendo, Mateusz"]
[Black "Kaszowski, Dariusz"]
[Result "0-1"]
[WhiteElo "2183"]
[BlackElo "2297"]
[PlyCount "94"]
[EventDate "1999.??.??"]
[EventType "swiss"]
[EventRounds "9"]
[EventCountry "POL"]
[SourceTitle "EXT 2003"]
[Source "ChessBase"]
[SourceDate "2002.11.25"]
[SourceVersion "1"]
[SourceVersionDate "2002.11.25"]
[SourceQuality "1"]

1. e4 c5 2. Nc3 Nc6 3. f4 g6 4. Nf3 Bg7 5. Bb5 Nd4 6. Nxd4 cxd4 7. Ne2 Qb6 8. Ba4 Nf6 9. Ng3 0-0 10. Bb3 a5 11. c4 d3 12. Qf3 a4 13. Bd1 Qd4 14. Rb1 Qxc4 15. b3 Qb5 16. Bb2 a3 17. Bxf6 Bxf6 18. 0-0 d6 19. Kh1 Bd7 20. Re1 Bd4 21. f5 Rac8 22. b4 Kg7 23. Rb3 Rc1 24. Rf1 Bf6 25. Qg4 Kh8 26. h4 gxf5 27. Nxf5 Rg8 28. Qf3 Bxf5 29. exf5 Qc6 30. Rxd3 Qxf3 31. Rdxf3 Rg4 32. g3 Rxb4 33. Kg2 Rb2 34. Bb3 Rxd2+ 35. R1f2 Rxf2+ 36. Rxf2 Kg7 37. Rf4 Rc3 38. Rg4+ Kf8 39. Rb4 h5 40. Rxb7 Be5 41. Rb8+ Kg7 42. Ra8 Rxg3+ 43. Kf2 Rg4 44. Rxa3 Rf4+ 45. Kg2 Rxf5 46. Ra7 Kf6 47. a4 Bc3 0-1

[Event "Poznan Pocztowiec-ch op-A"]
[Site "Poznan"]
[Date "1999.??.??"]
[Round "5"]
[White "Kolendo, Mateusz"]
[Black "Stempin, Pawel"]
[Result "1/2-1/2"]
[WhiteElo "2183"]
[BlackElo "2392"]
[PlyCount "30"]
[EventDate "1999.??.??"]
[EventType "swiss"]
[EventRounds "9"]
[EventCountry "POL"]
[SourceTitle "EXT 2003"]
[Source "ChessBase"]
[SourceDate "2002.11.25"]
[SourceVersion "1"]
[SourceVersionDate "2002.11.25"]
[SourceQuality "1"]

1. e4 e5 2. Nf3 Nc6 3. Bc4 Nf6 4. d3 Be7 5. 0-0 0-0 6. c3 d5 7. exd5 Nxd5 8. d4 exd4 9. Nxd4 Nxd4 10. Qxd4 Be6 11. Nd2 c6 12. Ne4 Nc7 13. Bxe6 Nxe6 14. Qc4 Qd7 15. Be3 Rfd8 1/2-1/2

[Event "POL-ch sf"]
[Site "Czestochowa"]
[Date "1998.??.??"]
[Round "6"]
[White "Kempa, Stefan"]
[Black "Kolendo, Mateusz"]
[Result "1/2-1/2"]
[WhiteElo "2145"]
[BlackElo "2185"]
[PlyCount "102"]
[EventDate "1998.10.??"]
[EventType "swiss"]
[EventRounds "11"]
[EventCountry "POL"]
[SourceTitle "EXT 2000"]
[Source "ChessBase"]
[SourceDate "1999.11.16"]
[SourceVersion "1"]
[SourceVersionDate "1999.11.16"]
[SourceQuality "1"]

1. d4 b5 2. e4 Bb7 3. f3 a6 4. Be3 e6 5. Bd3 d5 6. Nd2 Nf6 7. e5 Nfd7 8. Nh3 c5 9. c3 Nc6 10. Qe2 Qb6 11. Qf2 Rc8 12. Rc1 Be7 13. 0-0 cxd4 14. cxd4 0-0 15. f4 f6 16. exf6 Nxf6 17. Ng5 Nb4 18. Bb1 Qd6 19. a3 Rxc1 20. Rxc1 Nc6 21. h3 h6 22. Ngf3 Na5 23. Ne5 Nc4 24. Ng6 Rc8 25. Nxe7+ Qxe7 26. Nb3 Rf8 27. Nc5 Nd6 28. Nd3 Nfe4 29. Qe1 Nc4 30. Ne5 Rc8 31. Rc2 Ned6 32. Bf2 Qf6 33. g3 a5 34. Nxc4 dxc4 35. Re2 Bd5 36. Qxa5 Qf7 37. Qe1 Qh5 38. Be3 c3 39. Kh2 cxb2 40. Rxb2 Nc4 41. g4 Qe8 42. Rf2 Nxa3 43. Bd3 Nc4 44. Bc1 Qc6 45. g5 Qb6 46. Be4 hxg5 47. Bxd5 exd5 48. fxg5 b4 49. Re2 b3 50. Re8+ Rxe8 51. Qxe8+ Kh7 1/2-1/2

[Event "POL-ch sf"]
[Site "Czestochowa"]
[Date "1998.??.??"]
[Round "7"]
[White "Kolendo, Mateusz"]
[Black "Stefanek, Piotr"]
[Result "0-1"]
[WhiteElo "2185"]
[BlackElo "2215"]
[PlyCount "68"]
[EventDate "1998.10.??"]
[EventType "swiss"]
[EventRounds "11"]
[EventCountry "POL"]
[SourceTitle "EXT 2000"]
[Source "ChessBase"]
[SourceDate "1999.11.16"]
[SourceVersion "1"]
[SourceVersionDate "1999.11.16"]
[SourceQuality "1"]

1. e4 g6 2. d4 Bg7 3. Bc4 d6 4. f4 a6 5. Nf3 b5 6. Bb3 Bb7 7. Nbd2 c5 8. dxc5 dxc5 9. c3 Nf6 10. Qe2 Qb6 11. Bc2 0-0 12. 0-0 Nc6 13. Kh1 e5 14. Nb3 Rfe8 15. Be3 exf4 16. Bxc5 Qc7 17. Rad1 Rad8 18. Rxd8 Nxd8 19. Nfd2 Ne6 20. Ba3 h5 21. Re1 Ng4 22. h3 Ne3 23. Nf1 Nc4 24. Nbd2 Nxa3 25. bxa3 Qxc3 26. Bb3 Nd4 27. Qf2 g5 28. h4 Nxb3 29. Nxb3 Bxe4 30. Nfd2 f5 31. hxg5 Qg3 32. Qxg3 fxg3 33. Nxe4 fxe4 34. Kg1 h4 0-1

[Event "POL-ch sf"]
[Site "Czestochowa"]
[Date "1998.??.??"]
[Round "9"]
[White "Kolendo, Mateusz"]
[Black "Wisniewski, Adrian"]
[Result "1/2-1/2"]
[WhiteElo "2185"]
[BlackElo "2185"]
[PlyCount "42"]
[EventDate "1998.10.??"]
[EventType "swiss"]
[EventRounds "11"]
[EventCountry "POL"]
[SourceTitle "EXT 2000"]
[Source "ChessBase"]
[SourceDate "1999.11.16"]
[SourceVersion "1"]
[SourceVersionDate "1999.11.16"]
[SourceQuality "1"]

1. e4 e6 2. d4 d5 3. exd5 exd5 4. Bd3 c5 5. c3 Nc6 6. dxc5 Bxc5 7. Nf3 Nge7 8. 0-0 Bg4 9. Re1 Qd7 10. Bf4 h6 11. h3 Bh5 12. Nbd2 Rc8 13. Qe2 0-0 14. b4 Ng6 15. Bxg6 fxg6 16. Bh2 Bxf3 17. Nxf3 Bb6 18. Qd3 Qf7 19. Rad1 Rcd8 20. a3 g5 21. Bg3 Qf5 1/2-1/2

[Event "POL-ch sf"]
[Site "Czestochowa"]
[Date "1998.??.??"]
[Round "1"]
[White "Kosiorek, Marek"]
[Black "Kolendo, Mateusz"]
[Result "1-0"]
[WhiteElo "2360"]
[BlackElo "2185"]
[PlyCount "53"]
[EventDate "1998.10.??"]
[EventType "swiss"]
[EventRounds "11"]
[EventCountry "POL"]
[SourceTitle "EXT 2000"]
[Source "ChessBase"]
[SourceDate "1999.11.16"]
[SourceVersion "1"]
[SourceVersionDate "1999.11.16"]
[SourceQuality "1"]

1. d4 Nf6 2. c4 g6 3. Nc3 d5 4. Nf3 Bg7 5. cxd5 Nxd5 6. Qb3 c6 7. Bg5 0-0 8. e3 Nb6 9. Rc1 Be6 10. Qa3 Re8 11. Ne4 f6 12. Nc5 Bf7 13. Bh4 Qc8 14. Be2 N8d7 15. Ne4 h6 16. Bg3 f5 17. Nc5 e5 18. Nxe5 Nxe5 19. Bxe5 Bxe5 20. dxe5 Rxe5 21. 0-0 Qc7 22. b4 a6 23. Qb2 Rae8 24. Rfd1 Bd5 25. Rd4 Nd7 26. Nd3 R5e7 27. Rxd5 1-0

[Event "POL-chT2 U18"]
[Site "Augustow"]
[Date "1996.??.??"]
[Round "?"]
[White "Kolendo, Mateusz"]
[Black "Szewczyk, Pawel"]
[Result "0-1"]
[WhiteElo "2110"]
[BlackElo "2110"]
[PlyCount "70"]
[EventDate "1996.??.??"]
[EventType "team"]
[EventRounds "10"]
[EventCountry "POL"]
[SourceTitle "EXT 2003"]
[Source "ChessBase"]
[SourceDate "2002.11.25"]
[SourceVersion "1"]
[SourceVersionDate "2002.11.25"]
[SourceQuality "1"]

1. e4 c5 2. Nc3 Nc6 3. g3 g6 4. Bg2 Bg7 5. d3 d6 6. Nge2 e6 7. 0-0 Nge7 8. f4 0-0 9. g4 f5 10. Ng3 Qb6 11. Kh1 Bd7 12. gxf5 exf5 13. Nce2 Rad8 14. Ng1 Qa6 15. c3 b5 16. Be3 b4 17. d4 fxe4 18. dxc5 d5 19. Qb3 bxc3 20. bxc3 Qd3 21. Bd4 Nxd4 22. cxd4 Qxb3 23. axb3 Bxd4 24. Rxa7 Bxc5 25. Rb7 Bc6 26. Rc7 Bd6 27. Ra7 Nc8 28. Ra2 Bxf4 29. Rd1 Bxg3 30. hxg3 Ne7 31. Ne2 Nf5 32. Bh3 Ne3 33. Rc1 Bd7 34. Bxd7 Rxd7 35. Nd4 Nf5 0-1

[Event "POL-chT2 U18"]
[Site "Augustow"]
[Date "1996.??.??"]
[Round "?"]
[White "Lapczynski, Artur"]
[Black "Kolendo, Mateusz"]
[Result "1/2-1/2"]
[WhiteElo "2115"]
[BlackElo "2110"]
[PlyCount "53"]
[EventDate "1996.??.??"]
[EventType "team"]
[EventRounds "10"]
[EventCountry "POL"]
[SourceTitle "EXT 2003"]
[Source "ChessBase"]
[SourceDate "2002.11.25"]
[SourceVersion "1"]
[SourceVersionDate "2002.11.25"]
[SourceQuality "1"]

1. e4 e6 2. d4 d5 3. Nc3 Bb4 4. e5 c5 5. a3 Bxc3+ 6. bxc3 Qc7 7. h4 f6 8. Nf3 Nc6 9. exf6 Nxf6 10. h5 Ne4 11. h6 Nxc3 12. Qd3 Ne4 13. Be2 c4 14. Qe3 b5 15. Ng5 Nxg5 16. Qxg5 g6 17. c3 a5 18. Bf4 Qe7 19. Qg3 e5 20. dxe5 0-0 21. 0-0 Bf5 22. Bf3 Qe6 23. Rfd1 Bd3 24. Bg4 Bf5 25. Bf3 Bd3 26. Bg4 Bf5 27. Bf3 1/2-1/2

[Event "Poznan op"]
[Site "Poznan"]
[Date "1995.??.??"]
[Round "9"]
[White "Kolendo, Mateusz"]
[Black "Tisevich, Roman"]
[Result "0-1"]
[WhiteElo "2065"]
[BlackElo "2420"]
[PlyCount "58"]
[EventDate "1995.??.??"]
[EventType "swiss"]
[EventRounds "9"]
[EventCountry "POL"]
[SourceTitle "EXT 2001"]
[Source "ChessBase"]
[SourceDate "2000.11.22"]
[SourceVersion "1"]
[SourceVersionDate "2000.11.22"]
[SourceQuality "1"]

1. e4 c5 2. Nc3 a6 3. g3 b5 4. Bg2 Bb7 5. d3 e6 6. Nge2 b4 7. Nb1 d5 8. 0-0 Be7 9. c3 Nf6 10. e5 Nfd7 11. f4 Nc6 12. c4 Nb6 13. b3 f5 14. a3 Qd7 15. Be3 Rd8 16. Nd2 bxa3 17. d4 dxc4 18. dxc5 Qd3 19. Nxc4 Nxc4 20. Qxd3 Rxd3 21. bxc4 Rxe3 22. Rfb1 Ba8 23. Nd4 Nxd4 24. Rb8+ Kf7 25. Rxh8 Bxg2 26. Kxg2 Re2+ 27. Kf1 Bxc5 28. Rc8 Rxh2 29. Rc7+ Kg6 0-1

[Event "Poznan op"]
[Site "Poznan"]
[Date "1995.??.??"]
[Round "4"]
[White "Miton, Kamil"]
[Black "Kolendo, Mateusz"]
[Result "1-0"]
[WhiteElo "2440"]
[BlackElo "2065"]
[PlyCount "63"]
[EventDate "1995.??.??"]
[EventType "swiss"]
[EventRounds "9"]
[EventCountry "POL"]
[SourceTitle "EXT 2001"]
[Source "ChessBase"]
[SourceDate "2000.11.22"]
[SourceVersion "1"]
[SourceVersionDate "2000.11.22"]
[SourceQuality "1"]

1. d4 Nf6 2. c4 g6 3. g3 Bg7 4. Bg2 d5 5. cxd5 Nxd5 6. e4 Nb6 7. Ne2 0-0 8. 0-0 Nc6 9. d5 Na5 10. Nbc3 c6 11. b3 cxd5 12. exd5 e6 13. Ba3 Re8 14. d6 Bd7 15. Rc1 Bc6 16. Qd3 a6 17. Rfd1 Bf8 18. Ne4 Bxe4 19. Bxe4 Nd5 20. Bxd5 exd5 21. Nf4 Bxd6 22. Bxd6 Qxd6 23. Qc3 Nc6 24. Nxd5 Na5 25. Nc7 Qf6 26. Nxa8 Rxa8 27. f4 Qb6+ 28. Qc5 Qxc5+ 29. Rxc5 Nc6 30. Rd7 Rb8 31. Rcd5 Kf8 32. Rc7 1-0